[Event "Irena Warakomska Memorial 2019"]
[Site "Suwalki"]
[Date "2019.08.05"]
[Round "1"]
[White "Bommini Mounika Akshaya"]
[Black "Ashwath, R."]
[Result "0-1"]
[Board "42"]
[WhiteElo "2050"]
[WhiteTitle "WFM"]
[WhiteCountry "IND"]
[WhiteFideId "25019872"]
[WhiteEloChange "-3"]
[BlackElo "2328"]
[BlackCountry "IND"]
[BlackFideId "5021049"]
[BlackEloChange "3"]

1. d4 {[%clk 1:30:51]} d5 {[%clk 1:30:12]} 2. Bf4 {[%clk 1:31:13]} c5 {[%clk
1:30:05]} 3. e3 {[%clk 1:31:33]} cxd4 {[%clk 1:30:09]} 4. exd4 {[%clk 1:31:41]}
Nc6 {[%clk 1:30:22]} 5. c3 {[%clk 1:31:56]} Bf5 {[%clk 1:30:24]} 6. Nf3 {[%clk
1:30:47]} e6 {[%clk 1:30:07]} 7. Qb3 {[%clk 1:29:17]} Qd7 {[%clk 1:30:01]} 8.
Nbd2 {[%clk 1:24:49]} f6 {[%clk 1:28:48]} 9. Be2 {[%clk 1:20:59]} g5 {[%clk
1:24:36]} 10. Bg3 {[%clk 1:18:45]} h5 {[%clk 1:24:12]} 11. h3 {[%clk 1:18:29]}
Nge7 {[%clk 1:22:05]} 12. Nf1 {[%clk 0:58:40]} Be4 {[%clk 1:00:23]} 13. Qd1
{[%clk 0:55:00]} Nf5 {[%clk 0:53:19]} 14. N3d2 {[%clk 0:50:36]} h4 {[%clk
0:43:13]} 15. Nxe4 {[%clk 0:49:08]} dxe4 {[%clk 0:43:36]} 16. Bh5+ {[%clk
0:44:19]} Kd8 {[%clk 0:43:20]} 17. Bh2 {[%clk 0:44:39]} Ncxd4 {[%clk 0:36:18]}
18. Bg6 {[%clk 0:32:22]} Rh6 {[%clk 0:26:01]} 19. Bxf5 {[%clk 0:32:07]} Nxf5
{[%clk 0:26:23]} 20. Qg4 {[%clk 0:21:55]} Ke7 {[%clk 0:25:55]} 21. Qxe4 {[%clk
0:20:36]} Rd8 {[%clk 0:26:16]} 22. Qe2 {[%clk 0:20:09]} Qc6 {[%clk 0:24:30]} 23.
Ne3 {[%clk 0:15:51]} Nxe3 {[%clk 0:24:25]} 24. fxe3 {[%clk 0:16:11]} Kf7 {[%clk
0:20:30]} 25. O-O {[%clk 0:11:19]} Bc5 {[%clk 0:19:42]} 26. Rad1 {[%clk 0:08:31]}
Rg8 {[%clk 0:16:01]} 27. b4 {[%clk 0:02:09]} Be7 {[%clk 0:15:34]} 28. Rd3 {[%clk
0:00:49]} g4 {[%clk 0:14:54]} 29. hxg4 {[%clk 0:00:52]} h3 {[%clk 0:15:07]} 30.
Rf4 {[%clk 0:00:40]} e5 {[%clk 0:14:14]} 31. Rf5 {[%clk 0:00:47]} Qe4 {[%clk
0:12:10]} 32. Rf3 {[%clk 0:00:37]} hxg2 {[%clk 0:11:23]} 33. Qxg2 {[%clk
0:00:35]} Qxd3 {[%clk 0:11:31]} 0-1

[Event "Irena Warakomska Memorial 2019"]
[Site "Suwalki"]
[Date "2019.08.05"]
[Round "1"]
[White "Gurbanov, Andrei"]
[Black "Checiak, Krzysztof"]
[Result "1-0"]
[Board "43"]
[WhiteElo "2322"]
[WhiteTitle "IM"]
[WhiteCountry "ISR"]
[WhiteFideId "13503391"]
[WhiteEloChange "3"]
[BlackElo "2049"]
[BlackCountry "POL"]
[BlackFideId "1119427"]
[BlackEloChange "-3"]

1. d4 {[%clk 1:30:56]} d5 {[%clk 1:29:51]} 2. c4 {[%clk 1:29:07]} c6 {[%clk
1:30:11]} 3. Nf3 {[%clk 1:29:33]} Nf6 {[%clk 1:29:30]} 4. Nc3 {[%clk 1:29:52]} e6
{[%clk 1:27:38]} 5. cxd5 {[%clk 1:28:16]} exd5 {[%clk 1:28:17]} 6. Bg5 {[%clk
1:28:41]} Nbd7 {[%clk 1:26:59]} 7. e3 {[%clk 1:29:00]} Be7 {[%clk 1:23:44]} 8.
Bd3 {[%clk 1:28:55]} O-O {[%clk 1:23:51]} 9. Qc2 {[%clk 1:29:16]} Re8 {[%clk
1:23:57]} 10. O-O {[%clk 1:29:40]} Nf8 {[%clk 1:24:03]} 11. h3 {[%clk 1:28:39]}
Be6 {[%clk 1:23:16]} 12. Rab1 {[%clk 1:28:35]} a5 {[%clk 1:07:59]} 13. Ne5 {[%clk
1:26:24]} N6d7 {[%clk 1:04:58]} 14. Bxe7 {[%clk 1:26:31]} Rxe7 {[%clk 1:04:42]}
15. f4 {[%clk 1:26:30]} f6 {[%clk 1:03:53]} 16. Nf3 {[%clk 1:25:49]} Bf7 {[%clk
1:03:38]} 17. Rbe1 {[%clk 1:26:13]} Qb6 {[%clk 1:02:32]} 18. Qf2 {[%clk 1:25:11]}
Rae8 {[%clk 1:00:22]} 19. Nh4 {[%clk 1:24:01]} g6 {[%clk 1:00:23]} 20. g4 {[%clk
1:22:13]} c5 {[%clk 0:59:57]} 21. Nf3 {[%clk 1:21:47]} cxd4 {[%clk 0:57:52]} 22.
exd4 {[%clk 1:18:11]} Rxe1 {[%clk 0:57:26]} 23. Rxe1 {[%clk 1:18:11]} Rxe1+
{[%clk 0:57:30]} 24. Nxe1 {[%clk 1:18:33]} Nb8 {[%clk 0:50:36]} 25. f5 {[%clk
1:16:16]} Nc6 {[%clk 0:49:01]} 26. Nf3 {[%clk 1:15:55]} Qc7 {[%clk 0:48:25]} 27.
Kg2 {[%clk 1:14:15]} Qf4 {[%clk 0:47:44]} 28. Ne2 {[%clk 1:12:25]} Qd6 {[%clk
0:47:23]} 29. a3 {[%clk 1:12:45]} Kg7 {[%clk 0:41:58]} 30. Bb1 {[%clk 1:11:51]}
b5 {[%clk 0:41:46]} 31. Ba2 {[%clk 1:11:44]} b4 {[%clk 0:41:52]} 32. Qe3 {[%clk
1:11:38]} Nd7 {[%clk 0:38:33]} 33. a4 {[%clk 1:04:02]} Nb6 {[%clk 0:38:05]} 34.
b3 {[%clk 1:04:27]} Ne7 {[%clk 0:36:14]} 35. Bb1 {[%clk 1:02:47]} g5 {[%clk
0:35:28]} 36. Ng3 {[%clk 1:02:17]} h6 {[%clk 0:35:36]} 37. h4 {[%clk 1:02:13]}
gxh4 {[%clk 0:35:28]} 38. Nxh4 {[%clk 1:02:30]} Nbc8 {[%clk 0:34:03]} 39. Kf2
{[%clk 1:02:00]} Nc6 {[%clk 0:33:44]} 40. Ng2 {[%clk 1:31:50]} Qc7 {[%clk
1:02:39]} 41. Nf4 {[%clk 1:32:04]} Qd6 {[%clk 0:58:57]} 42. Ne6+ {[%clk 1:22:52]}
Kh7 {[%clk 0:57:41]} 43. Kg2 {[%clk 1:23:13]} N8e7 {[%clk 0:55:04]} 44. Ne2
{[%clk 1:22:44]} Ng8 {[%clk 0:55:15]} 45. N2f4 {[%clk 1:22:55]} Nce7 {[%clk
0:55:00]} 46. Qh3 {[%clk 1:19:37]} Bxe6 {[%clk 0:51:45]} 47. fxe6+ {[%clk
1:18:51]} Kh8 {[%clk 0:50:40]} 48. Qd3 {[%clk 1:15:55]} f5 {[%clk 0:50:59]} 49.
Qe3 {[%clk 1:16:06]} Nf6 {[%clk 0:50:59]} 50. Bxf5 {[%clk 1:15:29]} Kg7 {[%clk
0:48:55]} 51. Bd3 {[%clk 1:14:36]} Nc6 {[%clk 0:47:04]} 52. Qg3 {[%clk 1:11:54]}
Qe7 {[%clk 0:46:11]} 53. g5 {[%clk 1:08:49]} Ne4 {[%clk 0:43:23]} 54. gxh6+
{[%clk 1:09:01]} Kh7 {[%clk 0:43:34]} 55. Nxd5 {[%clk 1:09:03]} 1-0

[Event "Irena Warakomska Memorial 2019"]
[Site "Suwalki"]
[Date "2019.08.05"]
[Round "1"]
[White "Jankowiak, Tomasz"]
[Black "Efroimski, Marsel"]
[Result "1/2-1/2"]
[Board "44"]
[WhiteElo "2045"]
[WhiteCountry "POL"]
[WhiteFideId "1185357"]
[WhiteEloChange "7"]
[BlackElo "2318"]
[BlackTitle "WGM"]
[BlackCountry "ISR"]
[BlackFideId "2810964"]
[BlackEloChange "-7"]

1. e4 {[%clk 1:30:57]} c5 {[%clk 1:30:43]} 2. Nf3 {[%clk 1:31:18]} Nc6 {[%clk
1:31:02]} 3. d4 {[%clk 1:31:32]} cxd4 {[%clk 1:31:27]} 4. Nxd4 {[%clk 1:31:56]}
Nf6 {[%clk 1:31:46]} 5. Nc3 {[%clk 1:32:20]} d6 {[%clk 1:32:11]} 6. Bg5 {[%clk
1:31:58]} e6 {[%clk 1:32:19]} 7. Qd2 {[%clk 1:32:01]} Be7 {[%clk 1:31:59]} 8.
O-O-O {[%clk 1:31:38]} O-O {[%clk 1:32:08]} 9. f4 {[%clk 1:15:47]} h6 {[%clk
1:28:26]} 10. Bxf6 {[%clk 1:11:04]} Bxf6 {[%clk 1:23:12]} 11. Nxc6 {[%clk
1:08:01]} bxc6 {[%clk 1:23:35]} 12. Qxd6 {[%clk 1:08:01]} Qb6 {[%clk 1:17:17]}
13. e5 {[%clk 1:02:15]} Rd8 {[%clk 1:15:43]} 14. Qa3 {[%clk 0:58:18]} Qe3+ {[%clk
1:14:50]} 15. Kb1 {[%clk 0:58:38]} Rxd1+ {[%clk 1:12:09]} 16. Nxd1 {[%clk
0:59:02]} Qxa3 {[%clk 1:08:38]} 17. bxa3 {[%clk 0:59:26]} Rb8+ {[%clk 1:06:46]}
18. Kc1 {[%clk 0:58:19]} Be7 {[%clk 1:07:08]} 19. Bc4 {[%clk 0:55:45]} Bxa3+
{[%clk 1:07:05]} 20. Kd2 {[%clk 0:56:07]} Rb1 {[%clk 0:48:13]} 21. c3 {[%clk
0:47:20]} Rb7 {[%clk 0:24:26]} 22. Re1 {[%clk 0:34:20]} Rd7+ {[%clk 0:20:55]} 23.
Kc2 {[%clk 0:33:55]} Kf8 {[%clk 0:17:12]} 24. Nf2 {[%clk 0:28:46]} Rb7 {[%clk
0:15:10]} 25. Nd3 {[%clk 0:23:19]} Bd7 {[%clk 0:15:24]} 26. Rb1 {[%clk 0:18:19]}
Rxb1 {[%clk 0:11:36]} 27. Kxb1 {[%clk 0:18:43]} g5 {[%clk 0:11:16]} 28. fxg5
{[%clk 0:11:56]} hxg5 {[%clk 0:11:43]} 29. Nf2 {[%clk 0:12:20]} Bc5 {[%clk
0:08:43]} 30. Ng4 {[%clk 0:12:03]} Bg1 {[%clk 0:08:22]} 31. Be2 {[%clk 0:05:17]}
c5 {[%clk 0:08:14]} 32. Bf3 {[%clk 0:04:46]} Bb5 {[%clk 0:05:16]} 33. Kc2 {[%clk
0:04:59]} Bc4 {[%clk 0:04:50]} 34. a3 {[%clk 0:04:39]} Ke7 {[%clk 0:03:43]} 35.
Kd2 {[%clk 0:02:49]} Bb3 {[%clk 0:03:29]} 36. g3 {[%clk 0:02:17]} Ba2 {[%clk
0:00:52]} 37. h4 {[%clk 0:00:50]} gxh4 {[%clk 0:01:03]} 38. gxh4 {[%clk 0:01:19]}
Bb1 {[%clk 0:01:16]} 39. h5 {[%clk 0:01:37]} Kf8 {[%clk 0:01:24]} 40. h6 {[%clk
0:30:39]} Kg8 {[%clk 0:30:46]} 41. Be2 {[%clk 0:08:18]} Bf5 {[%clk 0:25:35]} 42.
Nf6+ {[%clk 0:08:09]} Kh8 {[%clk 0:25:53]} 43. Bh5 {[%clk 0:06:36]} Bh2 {[%clk
0:24:56]} 44. Nd7 {[%clk 0:05:53]} Bf4+ {[%clk 0:21:07]} 45. Ke2 {[%clk 0:06:21]}
Bxh6 {[%clk 0:17:57]} 46. Nxc5 {[%clk 0:06:29]} Bf8 {[%clk 0:13:47]} 47. Nd7
{[%clk 0:05:42]} Bxa3 {[%clk 0:13:26]} 48. Bxf7 {[%clk 0:04:05]} Kg7 {[%clk
0:11:58]} 49. Bh5 {[%clk 0:04:12]} Bg6 {[%clk 0:08:00]} 50. Bxg6 {[%clk 0:02:22]}
Kxg6 {[%clk 0:08:29]} 51. Kd3 {[%clk 0:02:43]} Kf5 {[%clk 0:08:18]} 52. Kc4
{[%clk 0:02:55]} Bc1 {[%clk 0:05:09]} 53. Kb5 {[%clk 0:02:52]} Bf4 {[%clk
0:03:28]} 54. c4 {[%clk 0:03:01]} Bxe5 {[%clk 0:03:23]} 55. c5 {[%clk 0:02:34]}
Bg3 {[%clk 0:00:44]} 56. c6 {[%clk 0:02:21]} Kg6 1/2-1/2

[Event "Irena Warakomska Memorial 2019"]
[Site "Suwalki"]
[Date "2019.08.05"]
[Round "1"]
[White "Oborski, Artur"]
[Black "Walter, Szymon"]
[Result "0-1"]
[Board "46"]
[WhiteElo "2039"]
[WhiteCountry "POL"]
[WhiteFideId "21844810"]
[WhiteEloChange "-3"]
[BlackElo "2314"]
[BlackTitle "FM"]
[BlackCountry "POL"]
[BlackFideId "1172590"]
[BlackEloChange "3"]

1. d4 {[%clk 1:30:58]} Nf6 {[%clk 1:30:19]} 2. c4 {[%clk 1:31:18]} e6 {[%clk
1:29:39]} 3. Nf3 {[%clk 1:31:38]} Bb4+ {[%clk 1:29:25]} 4. Nbd2 {[%clk 1:31:56]}
O-O {[%clk 1:29:09]} 5. g3 {[%clk 1:32:15]} Re8 {[%clk 1:25:28]} 6. Bg2 {[%clk
1:32:22]} Bf8 {[%clk 1:24:14]} 7. e4 {[%clk 1:28:09]} d5 {[%clk 1:23:09]} 8. e5
{[%clk 1:25:50]} Nfd7 {[%clk 1:22:29]} 9. O-O {[%clk 1:21:24]} c5 {[%clk
1:21:59]} 10. cxd5 {[%clk 1:18:54]} exd5 {[%clk 1:22:10]} 11. Re1 {[%clk
1:18:46]} Nc6 {[%clk 1:20:38]} 12. dxc5 {[%clk 1:12:25]} Ndxe5 {[%clk 1:14:20]}
13. Nxe5 {[%clk 0:54:03]} Nxe5 {[%clk 1:14:35]} 14. h3 {[%clk 0:41:15]} Qf6
{[%clk 0:58:02]} 15. Nb3 {[%clk 0:29:53]} Nf3+ {[%clk 0:55:39]} 16. Bxf3 {[%clk
0:29:45]} Rxe1+ {[%clk 0:55:59]} 17. Qxe1 {[%clk 0:30:08]} Qxf3 {[%clk 0:56:25]}
18. Qf1 {[%clk 0:28:57]} d4 {[%clk 0:48:43]} 19. Nxd4 {[%clk 0:26:31]} Qh5 {[%clk
0:48:48]} 20. Kh2 {[%clk 0:23:26]} Bxc5 {[%clk 0:47:37]} 21. Be3 {[%clk 0:23:20]}
Bd7 {[%clk 0:46:35]} 22. Nc2 {[%clk 0:20:52]} Bd6 {[%clk 0:44:49]} 23. Nd4 {[%clk
0:16:12]} Re8 {[%clk 0:43:04]} 24. Qg2 {[%clk 0:15:01]} h6 {[%clk 0:39:45]} 25.
Rc1 {[%clk 0:14:11]} Qg6 {[%clk 0:34:28]} 26. Qf3 {[%clk 0:11:25]} Re4 {[%clk
0:33:27]} 27. Ne2 {[%clk 0:06:20]} Qe6 {[%clk 0:16:57]} 28. Ng1 {[%clk 0:04:05]}
Bc6 {[%clk 0:16:23]} 29. b3 {[%clk 0:03:18]} Bd5 {[%clk 0:08:15]} 30. Rd1 {[%clk
0:02:27]} Re5 {[%clk 0:05:59]} 31. Qg4 {[%clk 0:02:25]} Rf5 {[%clk 0:05:21]} 32.
Qe2 {[%clk 0:01:00]} h5 {[%clk 0:04:38]} 33. Bd4 {[%clk 0:00:49]} Qg6 {[%clk
0:04:05]} 34. h4 {[%clk 0:00:36]} Rf4 {[%clk 0:03:34]} 35. Be5 {[%clk 0:00:00]}
Rxh4+ {[%clk 0:03:25]} 0-1

[Event "Irena Warakomska Memorial 2019"]
[Site "Suwalki"]
[Date "2019.08.05"]
[Round "1"]
[White "Zakrzewski, Marek"]
[Black "Bai, Adelard"]
[Result "1-0"]
[Board "47"]
[WhiteElo "2311"]
[WhiteTitle "FM"]
[WhiteCountry "POL"]
[WhiteFideId "1170694"]
[WhiteEloChange "3"]
[BlackElo "2033"]
[BlackTitle "CM"]
[BlackCountry "TPE"]
[BlackFideId "16301188"]
[BlackEloChange "-3"]

1. c4 {[%clk 1:30:29]} e5 {[%clk 1:30:03]} 2. Nc3 {[%clk 1:30:51]} Nc6 {[%clk
1:29:21]} 3. Nf3 {[%clk 1:31:09]} g6 {[%clk 1:28:49]} 4. d4 {[%clk 1:31:30]} exd4
{[%clk 1:28:25]} 5. Nxd4 {[%clk 1:31:47]} Bg7 {[%clk 1:27:37]} 6. Nxc6 {[%clk
1:32:03]} bxc6 {[%clk 1:27:45]} 7. g3 {[%clk 1:32:10]} Ne7 {[%clk 1:27:04]} 8.
Bg2 {[%clk 1:32:32]} O-O {[%clk 1:26:18]} 9. O-O {[%clk 1:32:51]} Rb8 {[%clk
1:18:12]} 10. Qa4 {[%clk 1:22:50]} a6 {[%clk 1:05:41]} 11. c5 {[%clk 1:20:11]} d5
{[%clk 1:02:24]} 12. cxd6 {[%clk 1:19:55]} cxd6 {[%clk 1:01:57]} 13. Rd1 {[%clk
1:19:35]} d5 {[%clk 1:00:24]} 14. Qa3 {[%clk 1:14:10]} Be5 {[%clk 0:44:27]} 15.
Rb1 {[%clk 0:48:21]} Qc7 {[%clk 0:36:15]} 16. Be3 {[%clk 0:41:15]} Bf5 {[%clk
0:27:19]} 17. Rbc1 {[%clk 0:40:06]} Bd6 {[%clk 0:24:14]} 18. Bc5 {[%clk 0:34:21]}
Bxc5 {[%clk 0:24:11]} 19. Qxc5 {[%clk 0:34:45]} Rxb2 {[%clk 0:23:03]} 20. Bxd5
{[%clk 0:34:15]} Qb6 {[%clk 0:15:44]} 21. Qxe7 {[%clk 0:32:14]} cxd5 {[%clk
0:16:04]} 22. Nxd5 {[%clk 0:31:06]} Qe6 {[%clk 0:15:10]} 23. e4 {[%clk 0:25:27]}
Bg4 {[%clk 0:13:59]} 24. Qf6 {[%clk 0:16:58]} Rb7 {[%clk 0:08:46]} 25. f3 {[%clk
0:16:06]} Bh3 {[%clk 0:07:27]} 26. Qd4 {[%clk 0:16:04]} f6 {[%clk 0:04:26]} 27.
Nf4 {[%clk 0:16:16]} Qd7 {[%clk 0:04:51]} 28. Qc4+ {[%clk 0:16:31]} 1-0

[Event "Irena Warakomska Memorial 2019"]
[Site "Suwalki"]
[Date "2019.08.05"]
[Round "1"]
[White "Bachor, Tomasz"]
[Black "Koziol, Kamil"]
[Result "1/2-1/2"]
[Board "48"]
[WhiteElo "2027"]
[WhiteCountry "POL"]
[WhiteFideId "21814694"]
[WhiteEloChange "7"]
[BlackElo "2307"]
[BlackTitle "FM"]
[BlackCountry "POL"]
[BlackFideId "1161555"]
[BlackEloChange "-7"]

1. d4 {[%clk 1:30:56]} d5 {[%clk 1:30:33]} 2. c4 {[%clk 1:31:14]} e6 {[%clk
1:30:40]} 3. Nc3 {[%clk 1:31:35]} Bb4 {[%clk 1:30:37]} 4. cxd5 {[%clk 1:31:18]}
exd5 {[%clk 1:30:55]} 5. Nf3 {[%clk 1:31:12]} Nf6 {[%clk 1:30:32]} 6. Bg5 {[%clk
1:30:52]} h6 {[%clk 1:29:59]} 7. Bh4 {[%clk 1:30:31]} g5 {[%clk 1:27:42]} 8. Bg3
{[%clk 1:30:23]} Ne4 {[%clk 1:27:27]} 9. Rc1 {[%clk 1:29:02]} h5 {[%clk 1:24:20]}
10. Qa4+ {[%clk 1:16:03]} Nc6 {[%clk 1:23:56]} 11. Ne5 {[%clk 1:15:21]} Bd7
{[%clk 1:17:18]} 12. Nxd7 {[%clk 1:04:28]} Qxd7 {[%clk 1:13:45]} 13. f3 {[%clk
1:01:16]} Nxg3 {[%clk 0:54:35]} 14. hxg3 {[%clk 1:01:10]} Bd6 {[%clk 0:53:36]}
15. Rh3 {[%clk 0:30:41]} Ne7 {[%clk 0:29:16]} 16. g4 {[%clk 0:21:38]} Bf4 {[%clk
0:20:37]} 17. Rd1 {[%clk 0:17:52]} Qxa4 {[%clk 0:20:19]} 18. Nxa4 {[%clk
0:18:17]} h4 {[%clk 0:20:11]} 19. Rd3 {[%clk 0:15:50]} f5 {[%clk 0:16:47]} 20.
Nc5 {[%clk 0:11:09]} Rh6 {[%clk 0:16:13]} 21. gxf5 {[%clk 0:08:55]} Nxf5 {[%clk
0:15:29]} 22. e4 {[%clk 0:08:12]} dxe4 {[%clk 0:11:36]} 23. fxe4 {[%clk 0:07:21]}
Ng3 {[%clk 0:11:44]} 24. Be2 {[%clk 0:06:40]} b6 {[%clk 0:11:08]} 25. Na6 {[%clk
0:05:42]} O-O-O {[%clk 0:08:15]} 26. e5 {[%clk 0:04:41]} c5 {[%clk 0:05:57]} 27.
dxc5 {[%clk 0:02:52]} Rxd3 {[%clk 0:06:21]} 28. Bxd3 {[%clk 0:03:17]} Re6 {[%clk
0:06:12]} 29. cxb6 {[%clk 0:03:10]} Rxe5+ {[%clk 0:06:20]} 30. Kd1 {[%clk
0:02:53]} axb6 {[%clk 0:06:30]} 31. Nb4 {[%clk 0:02:28]} Rc5 {[%clk 0:05:32]} 32.
Bc2 {[%clk 0:02:12]} Be3 {[%clk 0:03:12]} 33. a4 {[%clk 0:01:39]} Rc7 {[%clk
0:01:28]} 34. Rxg3 {[%clk 0:01:20]} hxg3 {[%clk 0:00:46]} 35. Nd5 {[%clk
0:01:44]} Bf4 {[%clk 0:00:37]} 36. Nxc7 {[%clk 0:01:54]} Kxc7 {[%clk 0:00:56]}
1/2-1/2

[Event "Irena Warakomska Memorial 2019"]
[Site "Suwalki"]
[Date "2019.08.06"]
[Round "2"]
[White "Czarnota, Pawel"]
[Black "Mulet, Piotr"]
[Result "1-0"]
[Board "21"]
[WhiteElo "2532"]
[WhiteTitle "GM"]
[WhiteCountry "POL"]
[WhiteFideId "1121219"]
[WhiteEloChange "2"]
[BlackElo "2244"]
[BlackTitle "FM"]
[BlackCountry "POL"]
[BlackFideId "1106244"]
[BlackEloChange "-3"]

1. e4 {[%clk 1:30:55]} e6 {[%clk 1:30:54]} 2. d4 {[%clk 1:31:15]} d5 {[%clk
1:31:18]} 3. Nd2 {[%clk 1:31:26]} Nf6 {[%clk 1:31:37]} 4. e5 {[%clk 1:31:38]}
Nfd7 {[%clk 1:31:58]} 5. Bd3 {[%clk 1:31:56]} c5 {[%clk 1:32:17]} 6. c3 {[%clk
1:32:20]} Nc6 {[%clk 1:32:40]} 7. Ne2 {[%clk 1:32:44]} f6 {[%clk 1:32:47]} 8.
exf6 {[%clk 1:32:48]} Qxf6 {[%clk 1:30:41]} 9. Nf3 {[%clk 1:32:51]} Bd6 {[%clk
1:30:31]} 10. O-O {[%clk 1:32:03]} O-O {[%clk 1:27:27]} 11. Bc2 {[%clk 1:21:34]}
cxd4 {[%clk 1:19:29]} 12. cxd4 {[%clk 1:20:10]} Nb6 {[%clk 1:19:27]} 13. Bg5
{[%clk 1:16:31]} Qf7 {[%clk 1:18:08]} 14. Bh4 {[%clk 1:16:54]} g6 {[%clk
1:17:21]} 15. Bg3 {[%clk 1:16:43]} Bxg3 {[%clk 1:14:37]} 16. hxg3 {[%clk
1:08:08]} Bd7 {[%clk 1:12:53]} 17. Rc1 {[%clk 1:03:11]} Rac8 {[%clk 1:07:46]} 18.
Bb1 {[%clk 1:00:29]} Qf6 {[%clk 0:59:20]} 19. b3 {[%clk 1:00:09]} Rf7 {[%clk
0:52:54]} 20. Qd2 {[%clk 0:54:06]} Re7 {[%clk 0:51:28]} 21. Nf4 {[%clk 0:50:48]}
Rf8 {[%clk 0:51:05]} 22. Rfe1 {[%clk 0:49:23]} Be8 {[%clk 0:42:57]} 23. Qe3
{[%clk 0:43:41]} Nc8 {[%clk 0:42:09]} 24. Nd3 {[%clk 0:44:03]} Nd6 {[%clk
0:36:56]} 25. Nde5 {[%clk 0:43:09]} Nf5 {[%clk 0:33:44]} 26. Bxf5 {[%clk
0:42:33]} Qxf5 {[%clk 0:33:42]} 27. Nxc6 {[%clk 0:42:49]} Bxc6 {[%clk 0:27:30]}
28. Ne5 {[%clk 0:41:35]} Be8 {[%clk 0:26:56]} 29. f3 {[%clk 0:40:18]} g5 {[%clk
0:26:21]} 30. g4 {[%clk 0:37:59]} Qf4 {[%clk 0:26:57]} 31. Kf2 {[%clk 0:38:17]}
h5 {[%clk 0:26:05]} 32. Qxf4 {[%clk 0:29:49]} Rxf4 {[%clk 0:26:09]} 33. Ke3
{[%clk 0:30:02]} hxg4 {[%clk 0:23:57]} 34. Nxg4 {[%clk 0:30:26]} Kg7 {[%clk
0:19:41]} 35. Rh1 {[%clk 0:29:52]} a5 {[%clk 0:15:47]} 36. Rc8 {[%clk 0:29:06]}
Rf8 {[%clk 0:15:26]} 37. Ne5 {[%clk 0:29:25]} b5 {[%clk 0:10:56]} 38. Rhc1 {[%clk
0:29:07]} Rh8 {[%clk 0:10:44]} 39. Ra8 {[%clk 0:27:04]} Rh2 {[%clk 0:08:54]} 40.
Rcc8 {[%clk 0:51:39]} Bf7 {[%clk 0:34:35]} 41. Kf2 {[%clk 0:47:07]} a4 {[%clk
0:30:47]} 42. bxa4 {[%clk 0:43:52]} bxa4 {[%clk 0:31:12]} 43. Rxa4 {[%clk
0:44:07]} Rb7 {[%clk 0:31:38]} 44. Kg3 {[%clk 0:44:32]} Rh4 {[%clk 0:31:40]} 45.
Rca8 {[%clk 0:42:45]} Bg6 {[%clk 0:25:48]} 46. R4a7 {[%clk 0:33:32]} Rxa7 {[%clk
0:26:17]} 47. Rxa7+ {[%clk 0:33:53]} Kf6 {[%clk 0:26:44]} 48. Ng4+ {[%clk
0:33:49]} Kf5 {[%clk 0:27:10]} 49. Ra8 {[%clk 0:33:57]} Bh7 {[%clk 0:27:21]} 50.
Rf8+ {[%clk 0:34:02]} Kg6 {[%clk 0:27:35]} 51. Rf6+ {[%clk 0:34:22]} Kg7 {[%clk
0:28:02]} 52. Rxe6 {[%clk 0:34:47]} Bf5 {[%clk 0:27:31]} 53. Re5 {[%clk 0:34:55]}
Kg6 {[%clk 0:27:40]} 54. Rxd5 {[%clk 0:34:03]} Bxg4 {[%clk 0:28:05]} 55. fxg4
{[%clk 0:34:27]} Rh1 {[%clk 0:28:28]} 56. a4 {[%clk 0:34:53]} Ra1 {[%clk
0:28:54]} 57. a5 {[%clk 0:35:21]} Ra3+ {[%clk 0:29:07]} 58. Kf2 {[%clk 0:35:47]}
Kf6 {[%clk 0:29:08]} 59. Rf5+ {[%clk 0:36:11]} Kg6 {[%clk 0:27:53]} 60. Rb5
{[%clk 0:36:10]} Kf6 {[%clk 0:28:01]} 61. Ke2 {[%clk 0:35:04]} Kg6 {[%clk
0:26:58]} 62. Kd2 {[%clk 0:33:27]} Rg3 {[%clk 0:27:04]} 63. a6 {[%clk 0:33:36]}
Rxg4 {[%clk 0:27:30]} 64. Ra5 {[%clk 0:32:59]} Rxd4+ {[%clk 0:27:53]} 65. Ke3
{[%clk 0:32:55]} Rd8 {[%clk 0:28:19]} 66. a7 {[%clk 0:33:21]} Ra8 {[%clk
0:28:43]} 67. Kd4 {[%clk 0:33:47]} Kh5 {[%clk 0:28:56]} 68. Kc5 {[%clk 0:34:04]}
Kh4 {[%clk 0:29:16]} 69. Kb6 {[%clk 0:34:18]} g4 {[%clk 0:29:39]} 70. Ra3 {[%clk
0:34:20]} Rg8 {[%clk 0:28:05]} 71. a8Q {[%clk 0:34:40]} Rxa8 {[%clk 0:28:33]} 72.
Rxa8 {[%clk 0:35:03]} 1-0

[Event "Irena Warakomska Memorial 2019"]
[Site "Suwalki"]
[Date "2019.08.06"]
[Round "2"]
[White "Efroimski, Marsel"]
[Black "Bachor, Tomasz"]
[Result "1-0"]
[Board "29"]
[WhiteElo "2318"]
[WhiteTitle "WGM"]
[WhiteCountry "ISR"]
[WhiteFideId "2810964"]
[WhiteEloChange "3"]
[BlackElo "2027"]
[BlackCountry "POL"]
[BlackFideId "21814694"]
[BlackEloChange "-3"]

1. e4 {[%clk 1:29:24]} c5 {[%clk 1:30:51]} 2. Nf3 {[%clk 1:29:51]} g6 {[%clk
1:31:15]} 3. d4 {[%clk 1:28:22]} cxd4 {[%clk 1:31:39]} 4. Qxd4 {[%clk 1:28:06]}
Nf6 {[%clk 1:32:01]} 5. Nc3 {[%clk 1:27:34]} Nc6 {[%clk 1:32:24]} 6. Qa4 {[%clk
1:27:38]} d6 {[%clk 1:32:48]} 7. e5 {[%clk 1:27:07]} dxe5 {[%clk 1:33:11]} 8.
Nxe5 {[%clk 1:27:34]} Bg7 {[%clk 1:33:32]} 9. Bb5 {[%clk 1:24:40]} O-O {[%clk
1:20:12]} 10. Nxc6 {[%clk 1:24:59]} bxc6 {[%clk 1:20:34]} 11. Bxc6 {[%clk
1:25:25]} Rb8 {[%clk 1:20:14]} 12. O-O {[%clk 1:19:30]} Bf5 {[%clk 1:14:39]} 13.
Re1 {[%clk 0:59:50]} Qb6 {[%clk 0:58:07]} 14. Bf3 {[%clk 0:53:09]} e5 {[%clk
0:45:22]} 15. Nd5 {[%clk 0:23:11]} Nxd5 {[%clk 0:24:50]} 16. Bxd5 {[%clk
0:23:39]} Qd4 {[%clk 0:24:17]} 17. c4 {[%clk 0:21:44]} Bd3 {[%clk 0:20:21]} 18.
Be3 {[%clk 0:16:39]} Qxb2 {[%clk 0:13:29]} 19. Bxa7 {[%clk 0:08:44]} Rbc8 {[%clk
0:11:38]} 20. Qb3 {[%clk 0:01:27]} e4 {[%clk 0:10:46]} 21. Rac1 {[%clk 0:01:07]}
Qxb3 {[%clk 0:07:15]} 22. axb3 {[%clk 0:01:36]} Bb2 {[%clk 0:07:35]} 23. Rcd1
{[%clk 0:01:16]} Rfe8 {[%clk 0:03:29]} 24. f3 {[%clk 0:00:42]} Bc2 {[%clk
0:02:46]} 25. Rd2 {[%clk 0:00:57]} Bc3 {[%clk 0:02:33]} 26. Rxc2 {[%clk 0:01:16]}
Bxe1 {[%clk 0:02:58]} 27. fxe4 {[%clk 0:01:23]} Bb4 {[%clk 0:02:43]} 28. Ra2
{[%clk 0:01:27]} Re7 {[%clk 0:02:46]} 29. Bd4 {[%clk 0:01:37]} Kf8 {[%clk
0:01:37]} 30. Ra4 {[%clk 0:01:30]} Bd6 {[%clk 0:01:53]} 31. b4 {[%clk 0:01:11]}
f5 {[%clk 0:01:42]} 32. c5 {[%clk 0:00:39]} Be5 {[%clk 0:01:35]} 33. Be3 {[%clk
0:00:35]} fxe4 {[%clk 0:01:27]} 34. b5 {[%clk 0:00:51]} Rd8 {[%clk 0:01:08]} 35.
Bxe4 {[%clk 0:00:55]} Rf7 {[%clk 0:00:51]} 36. Bf3 {[%clk 0:01:04]} Kg7 {[%clk
0:00:50]} 37. b6 {[%clk 0:01:10]} Rd3 {[%clk 0:00:49]} 38. Kf2 {[%clk 0:00:45]}
Rb3 {[%clk 0:01:03]} 39. Ra7 {[%clk 0:00:35]} Rb2+ {[%clk 0:01:12]} 40. Ke1
{[%clk 0:30:54]} Rb1+ {[%clk 0:30:52]} 41. Kd2 {[%clk 0:30:01]} Rb2+ {[%clk
0:24:17]} 42. Kc1 {[%clk 0:28:40]} Rb4 {[%clk 0:23:13]} 43. Bd5 {[%clk 0:28:24]}
Rxa7 {[%clk 0:21:27]} 44. bxa7 {[%clk 0:28:51]} Ra4 {[%clk 0:21:47]} 45. a8Q
{[%clk 0:28:39]} Rxa8 {[%clk 0:22:11]} 46. Bxa8 {[%clk 0:29:05]} Bxh2 {[%clk
0:22:21]} 47. Kd2 {[%clk 0:27:42]} Kf6 {[%clk 0:22:15]} 48. Bh6 {[%clk 0:22:06]}
Bg1 {[%clk 0:15:59]} 49. Bf8 {[%clk 0:22:18]} Kf7 {[%clk 0:16:01]} 50. Bd6 {[%clk
0:22:37]} Ke6 {[%clk 0:16:23]} 51. Kd3 {[%clk 0:22:13]} h5 {[%clk 0:16:30]} 52.
Ke4 {[%clk 0:22:28]} g5 {[%clk 0:16:07]} 53. Bd5+ {[%clk 0:21:18]} Kd7 {[%clk
0:16:03]} 54. Bf7 {[%clk 0:21:32]} h4 {[%clk 0:16:25]} 55. Kd5 {[%clk 0:21:46]}
Kd8 {[%clk 0:15:55]} 56. Be6 {[%clk 0:21:28]} 1-0